000 00782cam a2200265 4500
001 ABS62051
008 000000n2000 000 0 eng u
035 _a(Sirsi) u104944
245 _aFocus 2000: Hertfordshire
260 _c2000
490 _aEstates Gazette
_v(0011) 18 March 2000, 83-111(9)
590 _aABS
650 _aHERTFORDSHIRE
650 _aWATFORD
650 _aST ALBANS
650 _aHATFIELD
650 _aSTEVENAGE
650 _aE-TAILING
650 _aPROPERTY-COMMERCIAL PROPERTY-OFFICE PROPERTY-OFFICE PROPERTY MARKET
650 _aLEISURE
650 _aPROPERTY-COMMERCIAL PROPERTY-RETAIL PROPERTY-RETAIL PROPERTY MARKET
650 _aINDUSTRIAL MARKET
690 _aPROPERTY-COMMERCIAL PROPERTY-COMMERCIAL PROPERTY MARKET
942 _n0
999 _c62955
_d62955